000 00869nam a22002897a 4500
003 CHAP
005 20220329140201.0
008 971013s1937 r 00010 d
010 _a48206
011 _a49178
035 _a53326
040 _cCHAP
090 _aFolleto 283
100 0 0 _aVázquez Glumer, Rubén.
_9120366
245 _aClasificación comercial del algodón
260 _aMéxico, D.F. :
_b(s.e.),
_c1937
300 _a45 p.
_b: ilus.
590 _aBATCH-UPD
_b10
_c20130110
_lUCH01
_h0233
590 _aBATCH-UPD
_b10
_c20130110
_lUCH01
_h1325
590 _aBATCH-UPD
_b10
_c20130409
_lUCH01
_h2257
590 _aBATCH-UPD
_b10
_c20130914
_lUCH01
_h0102
590 _aCONVERSION
_b10
_c20130109
_lUCH01
_h1326
650 1 4 _aAlgodón
_xNormas de calidad.
_94041
901 _aBK
942 _cFOLL
949 _aFolleto 283
_bBC
_cFOLL
_d-118322
_eTS1
_i53326
_si
999 _c48206
_d48206